Jak si vybudovat MLM stroj na peníze věda síťového marketingu

Bibliographic Details
Main Author: Gage, Randy, 1959- (Author)
Format: Book
Language:Czech
PhysicalDescription:275 s. 22 cm
Published: Madunice Vision [2012]
ISBN:9788097076542
Edition:4. kompletné revid. vyd.
Subjects:

MARC

LEADER 00000cam a22000004a 4500
001 vtls010444515
003 SK-MaSNL
005 20260301132805.0
008 240315s2012 xr e f 000 0dcze
015 |a SNBA2012/09-04994 
020 |a 9788097076542  |q (viaz.) 
035 |a CE6E0A8D-A569-440E-A5A1-43D180A4EE72 
035 |a urn:nbn:sk:snk-amjlfz 
035 |a urn:nbn:sk:snk-am001na6 
040 |a SNK  |b slo  |c SNK  |e AACR2 
041 0 |a cze 
044 |a xo  |c SK 
072 7 |a 339  |x Obchod  |2 konspekt 
080 |a 339.187.42  |2 2001 
080 |a 336.7:17.024.4  |2 2001 
080 |a (035)  |2 2001 
100 1 |a Gage, Randy,  |d 1959-  |4 aut  |9 484152 
245 1 0 |a Jak si vybudovat MLM stroj na peníze  |b věda síťového marketingu  |c Randy Gage 
250 |a 4. kompletné revid. vyd. 
260 |a Madunice  |b Vision  |c [2012] 
300 |a 275 s.  |c 22 cm 
500 |a Biogr. údaje 
650 0 7 |a sieťový marketing  |2 SNKPH  |9 75850 
650 0 7 |a Multilevel marketing  |2 SNKPHeng  |9 418302 
650 0 7 |a Financial success  |2 SNKPHeng  |9 330336 
650 0 7 |a finančný úspech  |2 SNKPH  |9 2269 
655 7 |a príručky  |2 SNKPH  |9 74364 
655 7 |a Handbooks, manuals, etc.  |2 SNKPHeng  |9 90964 
852 |a Štátna vedecká knižnica v Banskej Bystrici 
919 |a 978-80-970765-4-2 
958 |a CZ 
958 |a NM 
968 |d 33 
999 |c 751973  |d 753903 
952 |a SNK  |b SNK  |y PREZ  |7 0  |p 17A1049517  |o snkSC 151109  |i snk2012/18088  |8 0  |0 0  |1 0  |4 0  |d 2012-09-17  |l 0  |r 2025-07-21 00:00:00  |w 2026-02-23 
952 |a SNK  |b SNK  |y VYP  |7 0  |p 17A1049516  |o snkSC 151109 D1  |i snk2012/18089  |8 0  |0 0  |1 0  |4 0  |d 2012-09-17  |l 0  |r 2026-02-23 23:36:03  |w 2026-02-23